Nguyễn Đình Chiểu đạo làm người

সংরক্ষণ করুন:
গ্রন্থ-পঞ্জীর বিবরন
প্রধান লেখক: Trần Văn Giàu
বিন্যাস: গ্রন্থ
ভাষা:Vietnamese
প্রকাশিত: Long An Sở Văn hóa thông tin Long An 1983
বিষয়গুলি:
ট্যাগগুলো: ট্যাগ যুক্ত করুন
কোনো ট্যাগ নেই, প্রথমজন হিসাবে ট্যাগ করুন!
Thư viện lưu trữ: Mạng thư viện Đại học Đà Nẵng
LEADER 00954nam a2200289 4500
001 000014911
003 11281
005 20120516140500.0
008 120516s1983 viesd
020 |c 6đ 
041 0 |a vie 
082 |a 895.92212  |b TR-G 
100 0 |a Trần Văn Giàu 
245 0 |a Nguyễn Đình Chiểu đạo làm người  |c Trần Văn Giàu 
260 |a Long An  |b Sở Văn hóa thông tin Long An  |c 1983 
300 |a 80tr.  |c 19 cm 
653 |a Nguyễn Đình Chiểu 
OWN |a LSP 
AVA |a UDN50  |b LSP  |d 895.92212 TR-G  |e available  |t Error 5001 Not defined in file expand_doc_bib_avail.  |f 1  |g 0  |h N  |i 0  |k 1 
999 |a From the UDN01 
AVA |a UDN50  |b LSP  |d 895.92212 TR-G  |e available  |t Error 5001 Not defined in file expand_doc_bib_avail.  |f 1  |g 0  |h N  |i 0  |k 1 
TYP |a Monograph 
TYP |a Printed language 
980 |a Mạng thư viện Đại học Đà Nẵng